[Event "Arco op 45th"]
[Site "Arco"]
[Date "2023.10.08"]
[Round "2"]
[White "Engelhart, Achim"]
[Black "Bossi, Alessandro"]
[Result "1/2-1/2"]
[WhiteElo "2081"]
[BlackElo "1873"]
[PlyCount "38"]
[EventDate "2023.10.07"]
[EventType "swiss"]
[EventRounds "9"]
[EventCountry "ITA"]
[SourceTitle "Mega2024 Update 01"]
[Source "Chessbase"]
[SourceDate "2023.11.12"]
[SourceVersion "1"]
[SourceVersionDate "2023.11.12"]
[SourceQuality "1"]

1. e4 c5 2. c3 d5 3. exd5 Nf6 4. Bb5+ Nbd7 5. d4 cxd4 6. Qxd4 g6 7. Nf3 Bg7 8. 0-0 0-0 9. Bxd7 Bxd7 10. Bg5 Bf5 11. Rd1 Ne4 12. Qe3 Nxg5 13. Qxg5 e6 14. Qd2 exd5 15. Qxd5 Qxd5 16. Rxd5 Rad8 17. Rxd8 Rxd8 18. Nbd2 b5 19. a3 Be6 1/2-1/2

[Event "Arco op 45th"]
[Site "Arco"]
[Date "2023.10.07"]
[Round "1"]
[White "Decker, Christian"]
[Black "Engelhart, Achim"]
[Result "0-1"]
[WhiteElo "1745"]
[BlackElo "2081"]
[PlyCount "34"]
[EventDate "2023.10.07"]
[EventType "swiss"]
[EventRounds "9"]
[EventCountry "ITA"]
[SourceTitle "Mega2024 Update 01"]
[Source "Chessbase"]
[SourceDate "2023.11.12"]
[SourceVersion "1"]
[SourceVersionDate "2023.11.12"]
[SourceQuality "1"]

1. e4 e6 2. d4 d5 3. Nd2 Nc6 4. Ngf3 Nf6 5. e5 Nd7 6. Bd3 f6 7. exf6 Qxf6 8. c3 Bd6 9. Qc2 g6 10. Nb3 e5 11. dxe5 Ndxe5 12. Qe2 0-0 13. Nxe5 Nxe5 14. Bc2 Bg4 15. Qd2 c6 16. 0-0 Nf3+ 17. gxf3 Bxh2+ 0-1

[Event "Oberliga Wuerttemberg 2122"]
[Site "Wuerttemberg"]
[Date "2021.09.19"]
[Round "1.5"]
[White "Engelhart, Achim"]
[Black "Froehlich, Franziska"]
[Result "0-1"]
[WhiteElo "2088"]
[BlackElo "1887"]
[PlyCount "110"]
[EventDate "2021.09.19"]
[EventType "team-tourn"]
[EventRounds "9"]
[EventCountry "GER"]
[SourceTitle "EXT 2023"]
[Source "ChessBase"]
[SourceDate "2022.10.05"]
[SourceVersion "1"]
[SourceVersionDate "2022.10.05"]
[SourceQuality "1"]
[WhiteTeam "Biberach"]
[BlackTeam "Ulm Weisse Dame"]
[WhiteTeamCountry "GER"]
[BlackTeamCountry "GER"]

1. e4 e6 2. d4 d5 3. Nd2 Nf6 4. e5 Nfd7 5. c3 c5 6. Bd3 Nc6 7. Ne2 cxd4 8. cxd4 f6 9. exf6 Nxf6 10. Nf3 Bd6 11. 0-0 Qc7 12. Nc3 a6 13. Bd2 0-0 14. Rc1 Bd7 15. Re1 Rae8 16. Na4 Qb8 17. Nc5 e5 18. dxe5 Nxe5 19. Nxe5 Bxe5 20. Nxd7 Nxd7 21. Qh5 Nf6 22. Qh4 Bxb2 23. Rb1 Rxe1+ 24. Bxe1 Qe5 25. Bd2 b5 26. h3 Ne4 27. Re1 Bd4 28. Bxe4 dxe4 29. Re2 Qf5 30. Be3 Bf6 31. Qg3 Qd5 32. Rd2 Qc4 33. Qd6 Rd8 34. Qa3 Rxd2 35. Bxd2 Qd5 36. Be3 Be5 37. g3 Qe6 38. Kg2 h6 39. Qa5 Qc6 40. Qd8+ Kh7 41. Qf8 Bf6 42. Qa3 Bc3 43. Qb3 a5 44. Qc2 Kh8 45. Qd1 Bf6 46. Qd2 b4 47. Kh2 Kh7 48. Kg2 Qc4 49. g4 a4 50. g5 hxg5 51. Bxg5 Qd3 52. Qc1 Qc3 53. Qxc3 Bxc3 54. Kg3 b3 55. axb3 a3 0-1

[Event "BL2-Sued 1819"]
[Site "Germany"]
[Date "2019.02.24"]
[Round "8.8"]
[White "Lorscheid, Gerhard"]
[Black "Engelhart, Achim"]
[Result "1-0"]
[WhiteElo "2202"]
[BlackElo "2114"]
[PlyCount "151"]
[EventDate "2018.11.10"]
[EventType "team-tourn"]
[EventRounds "10"]
[EventCountry "GER"]
[SourceTitle "CBM 190 Extra"]
[Source "ChessBase"]
[SourceDate "2019.07.15"]
[SourceVersion "1"]
[SourceVersionDate "2019.07.15"]
[SourceQuality "1"]
[WhiteTeam "Schoenaich"]
[BlackTeam "Jedesheim"]
[WhiteTeamCountry "GER"]
[BlackTeamCountry "GER"]

1. Nf3 c5 2. c4 Nc6 3. Nc3 e5 4. g3 g6 5. Bg2 Bg7 6. d3 Nge7 7. Nd2 0-0 8. Nf1 d6 9. Ne3 Be6 10. Ned5 Qd7 11. Bg5 f6 12. Bd2 Bh3 13. 0-0 Bxg2 14. Kxg2 Nxd5 15. Nxd5 Ne7 16. Nc3 f5 17. Rb1 a5 18. Qa4 Qxa4 19. Nxa4 Ra6 20. b3 b6 21. Nc3 Bf6 22. a3 Rd8 23. e4 Kg7 24. f3 h6 25. Nb5 Rd7 26. h4 Ra8 27. b4 axb4 28. axb4 Ra2 29. Rf2 f4 30. Bc3 Rxf2+ 31. Kxf2 Nc6 32. Bd2 fxg3+ 33. Kxg3 Nd4 34. Nxd4 exd4 35. Ra1 Rb7 36. b5 h5 37. Bf4 Be5 38. Bxe5+ dxe5 39. f4 Kf6 40. Ra8 Re7 41. Rb8 Re6 42. Rb7 Rd6 43. fxe5+ Kxe5 44. Re7+ Kf6 45. Re8 Kf7 46. Rb8 Rf6 47. Rb7+ Ke8 48. e5 Rf5 49. Rxb6 Rxe5 50. Rxg6 Re3+ 51. Kf4 Rxd3 52. Rc6 Rh3 53. Kg5 Rc3 54. b6 Rb3 55. Rxc5 Rxb6 56. Rd5 Rc6 57. Rxd4 Rc5+ 58. Kf6 Rc6+ 59. Ke5 Ke7 60. Kd5 Kd7 61. Rf4 Rh6 62. Rf7+ Kd8 63. c5 Kc8 64. Rf5 Kc7 65. Ke4 Kc6 66. Kf4 Re6 67. Rxh5 Re1 68. Re5 Rh1 69. h5 Rh2 70. Kg5 Rg2+ 71. Kf6 Rh2 72. Kg6 Rg2+ 73. Rg5 Re2 74. h6 Re6+ 75. Kg7 Re7+ 76. Kf6 1-0

[Event "BL2-Sued 1819"]
[Site "Germany"]
[Date "2019.02.02"]
[Round "5.7"]
[White "Bauer, Andreas1111"]
[Black "Engelhart, Achim"]
[Result "1-0"]
[WhiteElo "2265"]
[BlackElo "2114"]
[PlyCount "75"]
[EventDate "2018.11.10"]
[EventType "team-tourn"]
[EventRounds "10"]
[EventCountry "GER"]
[SourceTitle "CBM 190 Extra"]
[Source "ChessBase"]
[SourceDate "2019.07.15"]
[SourceVersion "1"]
[SourceVersionDate "2019.07.15"]
[SourceQuality "1"]
[WhiteTeam "Emmendingen"]
[BlackTeam "Jedesheim"]
[WhiteTeamCountry "GER"]
[BlackTeamCountry "GER"]

1. c4 c5 2. Nf3 Nc6 3. d4 cxd4 4. Nxd4 Qb6 5. Nb3 e6 6. a3 Nf6 7. Nc3 Ne5 8. e3 Be7 9. Be2 0-0 10. 0-0 Rd8 11. e4 d5 12. exd5 exd5 13. c5 Qc7 14. Nb5 Qb8 15. Qd4 Ng6 16. Bd3 Bd7 17. Bxg6 Bxb5 18. Re1 hxg6 19. Rxe7 Rd7 20. Rxd7 Bxd7 21. Bf4 Qd8 22. Re1 Bc6 23. Bg5 b6 24. h3 Rb8 25. Re3 bxc5 26. Nxc5 Rb6 27. Rf3 Bb5 28. Ne4 Re6 29. Nxf6+ gxf6 30. Rxf6 Re1+ 31. Kh2 Qd7 32. Qf4 Re8 33. Rd6 Qb7 34. Bf6 Re6 35. Rd8+ Be8 36. Rxe8+ Rxe8 37. Qh6 Qc7+ 38. g3 1-0

[Event "BL2-Sued 1819"]
[Site "Germany"]
[Date "2018.11.11"]
[Round "2.7"]
[White "Koehler, Ronald"]
[Black "Engelhart, Achim"]
[Result "1/2-1/2"]
[WhiteElo "2263"]
[BlackElo "2114"]
[PlyCount "39"]
[EventDate "2018.11.10"]
[EventType "team-tourn"]
[EventRounds "10"]
[EventCountry "GER"]
[SourceTitle "CBM 190 Extra"]
[Source "ChessBase"]
[SourceDate "2019.07.15"]
[SourceVersion "1"]
[SourceVersionDate "2019.07.15"]
[SourceQuality "1"]
[WhiteTeam "Griesheim"]
[BlackTeam "Jedesheim"]
[WhiteTeamCountry "GER"]
[BlackTeamCountry "GER"]

1. d4 d5 2. Nf3 e6 3. c4 dxc4 4. e3 c5 5. Bxc4 a6 6. a4 Nf6 7. 0-0 Nc6 8. Qe2 cxd4 9. Rd1 Be7 10. exd4 0-0 11. Nc3 Nb4 12. Ne5 b6 13. Bg5 Bb7 14. Rac1 Nfd5 15. Bd2 Bg5 16. Qg4 Bxd2 17. Rxd2 Nf6 18. Qe2 Nfd5 19. Qg4 Nf6 20. Qe2 1/2-1/2

[Event "Oberliga Wuerttemberg 1718"]
[Site "Wuerttemberg"]
[Date "2017.10.22"]
[Round "3"]
[White "Engelhart, Achim"]
[Black "Gebhardt, Uwe"]
[Result "1/2-1/2"]
[WhiteElo "2137"]
[BlackElo "1978"]
[PlyCount "276"]
[EventDate "2017.09.17"]
[EventType "team-tourn"]
[EventRounds "9"]
[EventCountry "GER"]
[SourceTitle "EXT 2019"]
[Source "ChessBase"]
[SourceDate "2018.10.10"]
[SourceVersion "1"]
[SourceVersionDate "2018.10.10"]
[SourceQuality "1"]
[WhiteTeam "Jedesheim"]
[BlackTeam "Ulm Weisse Dame"]
[WhiteTeamCountry "GER"]
[BlackTeamCountry "GER"]

1. e4 g6 2. d4 Bg7 3. Nc3 d6 4. f4 c6 5. Nf3 Nf6 6. Bd3 b5 7. 0-0 b4 8. Ne2 Ba6 9. a3 Bxd3 10. Qxd3 bxa3 11. Rxa3 0-0 12. e5 Nd5 13. c4 Nc7 14. Be3 d5 15. b3 a6 16. f5 Nd7 17. Bf4 c5 18. e6 fxe6 19. fxg6 hxg6 20. Qxg6 Rf6 21. Qg3 Rc8 22. Ne5 Ne8 23. Rxa6 cxd4 24. Nc6 Rxc6 25. Rxc6 e5 26. Rxf6 exf6 27. Bh6 dxc4 28. Bxg7 Nxg7 29. bxc4 Qb6 30. Kh1 Qe6 31. Qb3 f5 32. Qb5 d3 33. Ng3 f4 34. Ne4 Kh8 35. Qd5 Qf5 36. Qxd3 Nf6 37. Qd8+ Ng8 38. Nd6 Qh5 39. c5 Kh7 40. Qf8 Qe2 41. Rg1 Qc2 42. Ne8 Nxe8 43. Qxe8 Qxc5 44. Qf7+ Kh8 45. Qh5+ Kg7 46. Qg5+ Kf7 47. Re1 Qf2 48. Qh5+ Kf8 49. Qf5+ Kg7 50. Qxe5+ Nf6 51. Qe2 Qh4 52. h3 f3 53. gxf3 Qxh3+ 54. Kg1 Kf7 55. Qg2 Qh4 56. Rd1 Qf4 57. Qa2+ Kg7 58. Qe2 Kf7 59. Qf2 Qg5+ 60. Kf1 Qf5 61. Rd2 Qb5+ 62. Qe2 Qb1+ 63. Kf2 Qf5 64. Qc4+ Kg7 65. Rd1 Qe5 66. Rg1+ Kf8 67. Qc8+ Kf7 68. Qc4+ Kf8 69. Rg2 Qb2+ 70. Kg1 Qb1+ 71. Qf1 Qb6+ 72. Kh1 Qd4 73. Qf2 Qc3 74. Qg3 Qc1+ 75. Kh2 Qh6+ 76. Qh3 Qf4+ 77. Rg3 Kf7 78. Kg1 Qe3+ 79. Kh1 Qe1+ 80. Rg1 Qe3 81. Rb1 Qe7 82. Qf5 Qc7 83. Rg1 Qc3 84. Qg6+ Ke6 85. Qg3 Kf7 86. Rb1 Qc6 87. Qf4 Qd5 88. Qc7+ Nd7 89. Qf4+ Nf6 90. Rc1 Qh5+ 91. Kg2 Qg6+ 92. Kf2 Qh5 93. Rc6 Qg6 94. Rxf6+ Qxf6 95. Qc7+ Kg6 96. Qg3+ Kf7 97. Qg4 Qe5 98. Kg2 Qe2+ 99. Kg3 Qe1+ 100. Kf4 Qc1+ 101. Kf5 Qc5+ 102. Ke4 Qb4+ 103. Kd3 Qa3+ 104. Ke2 Qb2+ 105. Kf1 Qc1+ 106. Kg2 Qd2+ 107. Kh3 Qd5 108. Qf4+ Kg6 109. Kg3 Qg5+ 110. Qg4 Kf6 111. Kh3 Qf5 112. Kh4 Ke5 113. Qg5 Ke6 114. Qg8+ Ke7 115. Qg5+ Ke6 116. f4 Qe4 117. Kh5 Qf5 118. Kh6 Qf8+ 119. Kh7 Qf7+ 120. Kh8 Qf8+ 121. Kh7 Qf7+ 122. Kh6 Qf8+ 123. Kh5 Qf5 124. Kh4 Qe4 125. Qg4+ Kf6 126. Kg3 Qe1+ 127. Kg2 Qd2+ 128. Kf1 Qc1+ 129. Ke2 Qc2+ 130. Kf3 Qd1+ 131. Kg3 Qe1+ 132. Kg2 Qd2+ 133. Kh3 Qd3+ 134. Qg3 Qf5+ 135. Kg2 Qc2+ 136. Qf2 Qe4+ 137. Qf3 Qc2+ 138. Kf1 Kf5 1/2-1/2

[Event "Wuerttemberg-ch"]
[Site "Stuttgart"]
[Date "2017.08.27"]
[Round "2"]
[White "Engelhart, Achim"]
[Black "Reindl, Arno"]
[Result "1/2-1/2"]
[WhiteElo "2136"]
[BlackElo "2083"]
[PlyCount "33"]
[EventDate "2017.08.26"]
[EventType "swiss"]
[EventRounds "9"]
[EventCountry "GER"]
[SourceTitle "CBM 180 Extra"]
[Source "ChessBase"]
[SourceDate "2017.10.06"]
[SourceVersion "1"]
[SourceVersionDate "2017.10.06"]
[SourceQuality "1"]

1. e4 c5 2. c3 Nf6 3. e5 Nd5 4. Nf3 e6 5. d4 cxd4 6. cxd4 d6 7. a3 Nd7 8. Bd3 Qc7 9. exd6 Bxd6 10. 0-0 b6 11. Nbd2 Bb7 12. Nc4 0-0 13. Re1 Ne7 14. Nxd6 Qxd6 15. Be3 Rac8 16. Qe2 Nd5 17. Rad1 1/2-1/2

[Event "Oberliga Wuerttemberg 1617"]
[Site "Wuerttemberg"]
[Date "2017.03.19"]
[Round "9.7"]
[White "Engelhart, Achim"]
[Black "Bathray, Johannes"]
[Result "1/2-1/2"]
[WhiteElo "2131"]
[BlackElo "2129"]
[PlyCount "97"]
[EventDate "2016.09.25"]
[EventType "team-tourn"]
[EventRounds "11"]
[EventCountry "GER"]
[SourceTitle "EXT 2019"]
[Source "ChessBase"]
[SourceDate "2018.10.10"]
[SourceVersion "1"]
[SourceVersionDate "2018.10.10"]
[SourceQuality "1"]
[WhiteTeam "Jedesheim"]
[BlackTeam "Boeblingen"]
[WhiteTeamCountry "GER"]
[BlackTeamCountry "GER"]

1. e4 c5 2. c3 Nf6 3. e5 Nd5 4. Nf3 Nc6 5. Bc4 Nb6 6. Bb3 d5 7. exd6 Qxd6 8. Na3 a6 9. 0-0 Bf5 10. d4 cxd4 11. Nxd4 Nxd4 12. cxd4 e6 13. Qf3 Qd7 14. d5 Bxa3 15. dxe6 Bxe6 16. Bxe6 Qxe6 17. bxa3 0-0 18. Qxb7 Nc4 19. Qf3 Rfe8 20. Bf4 Rad8 21. h3 Nd2 22. Bxd2 Rxd2 23. Qb3 h6 24. Qxe6 Rxe6 25. Rfd1 Ree2 26. Rxd2 Rxd2 27. g3 g5 28. Kg2 Kg7 29. a4 Rd4 30. Re1 Rxa4 31. Re2 Ra3 32. Kf1 Kg6 33. Kg2 h5 34. Kh2 Ra4 35. Kg2 h4 36. Rd2 hxg3 37. fxg3 f5 38. Kf3 Ra3+ 39. Kg2 Kh5 40. Rf2 Kg6 41. Re2 f4 42. gxf4 gxf4 43. Re5 a5 44. h4 a4 45. Ra5 Kh6 46. h5 Rxa2+ 47. Kf3 Rh2 48. Rxa4 Rxh5 49. Rxf4 1/2-1/2

[Event "Oberliga Wuerttemberg 1617"]
[Site "Wuerttemberg"]
[Date "2016.10.30"]
[Round "3.6"]
[White "Engelhart, Achim"]
[Black "Loehr, Markus"]
[Result "1-0"]
[WhiteElo "2131"]
[BlackElo "2208"]
[PlyCount "125"]
[EventDate "2016.09.25"]
[EventType "team-tourn"]
[EventRounds "11"]
[EventCountry "GER"]
[SourceTitle "EXT 2019"]
[Source "ChessBase"]
[SourceDate "2018.10.10"]
[SourceVersion "1"]
[SourceVersionDate "2018.10.10"]
[SourceQuality "1"]
[WhiteTeam "Jedesheim"]
[BlackTeam "Schmiden Cannstatt"]
[WhiteTeamCountry "GER"]
[BlackTeamCountry "GER"]

1. e4 c6 2. d4 d5 3. Nd2 dxe4 4. Nxe4 Nd7 5. Bc4 Ngf6 6. Nxf6+ Nxf6 7. c3 Bf5 8. Qb3 e6 9. Qxb7 Bd6 10. Qxc6+ Kf8 11. Nf3 Be4 12. Qa4 Rb8 13. Qd1 Qc7 14. Bd3 Ba8 15. Rb1 h6 16. Qe2 g5 17. h3 Rg8 18. Bd2 Nd5 19. Kf1 Bf4 20. c4 Nf6 21. Bxf4 Qxf4 22. Qe5 Bxf3 23. Qxf4 gxf4 24. gxf3 Rd8 25. Ke2 Rxd4 26. Rhg1 Rxg1 27. Rxg1 Nd7 28. b3 f5 29. Bc2 Ne5 30. Rd1 Nc6 31. Rd2 Ke7 32. Bd1 Kd6 33. Rxd4+ Nxd4+ 34. Kd3 e5 35. b4 Nc6 36. c5+ Kc7 37. a3 a6 38. Kc4 Ne7 39. Bc2 Kb7 40. a4 Kc7 41. b5 axb5+ 42. axb5 Kb7 43. b6 Ka6 44. Ba4 e4 45. Kd4 e3 46. fxe3 fxe3 47. Kxe3 Nd5+ 48. Kd4 Nf4 49. h4 Ng2 50. h5 Nf4 51. Be8 Ne6+ 52. Kd5 Ng5 53. f4 Ne4 54. Bg6 Kb7 55. Kc4 Kc6 56. Be8+ Kb7 57. Kb4 Nf6 58. Bg6 Kc6 59. Kc4 Ng4 60. Be8+ Kb7 61. Kb5 Nf6 62. c6+ Kb8 63. Bd7 1-0

[Event "Wuerttemberg-ch MT"]
[Site "Stuttgart"]
[Date "2015.09.05"]
[Round "8"]
[White "Gustain, Marc"]
[Black "Engelhart, Achim"]
[Result "1/2-1/2"]
[WhiteElo "2156"]
[BlackElo "2140"]
[PlyCount "48"]
[EventDate "2015.08.29"]
[EventType "swiss"]
[EventRounds "9"]
[EventCountry "GER"]
[SourceTitle "EXT 2017"]
[Source "ChessBase"]
[SourceDate "2016.10.25"]
[SourceVersion "1"]
[SourceVersionDate "2016.10.25"]
[SourceQuality "1"]

1. e4 e6 2. d4 d5 3. Nc3 Nf6 4. Bg5 dxe4 5. Nxe4 Be7 6. Bxf6 Bxf6 7. Nf3 Nd7 8. Qd2 0-0 9. 0-0-0 b6 10. Bd3 Bb7 11. h4 c5 12. Nxf6+ Nxf6 13. dxc5 Qd5 14. Kb1 Qxc5 15. Qe2 Qh5 16. Rh3 Rfd8 17. Rg1 Rac8 18. g4 Bxf3 19. Qxf3 Qe5 20. Qh1 Rd4 21. Qb7 Qc7 22. Qf3 Qe5 23. Qb7 Qc7 24. Qf3 Qe5 1/2-1/2

[Event "Wuerttemberg-ch MT"]
[Site "Stuttgart"]
[Date "2015.09.03"]
[Round "6"]
[White "Kunz, Walter"]
[Black "Engelhart, Achim"]
[Result "1/2-1/2"]
[WhiteElo "2167"]
[BlackElo "2140"]
[PlyCount "50"]
[EventDate "2015.08.29"]
[EventType "swiss"]
[EventRounds "9"]
[EventCountry "GER"]
[SourceTitle "EXT 2017"]
[Source "ChessBase"]
[SourceDate "2016.10.25"]
[SourceVersion "1"]
[SourceVersionDate "2016.10.25"]
[SourceQuality "1"]

1. e4 e6 2. d4 d5 3. e5 c5 4. c3 Nc6 5. Nf3 Nge7 6. Na3 cxd4 7. cxd4 Nf5 8. Nc2 Qb6 9. Be2 Bb4+ 10. Kf1 Be7 11. g3 Bd7 12. Kg2 Na5 13. b3 Bb5 14. Re1 Nc6 15. Bb2 a5 16. Bd3 Bxd3 17. Qxd3 Nb4 18. Qe2 Qa6 19. Qxa6 Rxa6 20. Re2 Kd7 21. Nce1 Rc6 22. a3 Na6 23. Rc1 Rhc8 24. Rec2 h5 25. h4 R8c7 1/2-1/2

[Event "Wuerttemberg-ch MT"]
[Site "Stuttgart"]
[Date "2015.09.01"]
[Round "4"]
[White "Schaffert, Walter"]
[Black "Engelhart, Achim"]
[Result "1/2-1/2"]
[WhiteElo "2091"]
[BlackElo "2140"]
[PlyCount "33"]
[EventDate "2015.08.29"]
[EventType "swiss"]
[EventRounds "9"]
[EventCountry "GER"]
[SourceTitle "EXT 2017"]
[Source "ChessBase"]
[SourceDate "2016.10.25"]
[SourceVersion "1"]
[SourceVersionDate "2016.10.25"]
[SourceQuality "1"]

1. e4 e6 2. d4 d5 3. e5 c5 4. c3 Nc6 5. Nf3 Nge7 6. Na3 cxd4 7. cxd4 Nf5 8. Nc2 Qb6 9. Bd3 Nb4 10. Nxb4 Bxb4+ 11. Kf1 Bd7 12. h4 Bb5 13. g3 Qa6 14. Bxb5+ Qxb5+ 15. Kg2 Rc8 16. Bd2 Bxd2 17. Qxd2 1/2-1/2

[Event "Wuerttemberg-ch MT"]
[Site "Stuttgart"]
[Date "2015.08.31"]
[Round "3"]
[White "Engelhart, Achim"]
[Black "Latzke, Boris Alexander"]
[Result "0-1"]
[WhiteElo "2140"]
[BlackElo "2257"]
[PlyCount "136"]
[EventDate "2015.08.29"]
[EventType "swiss"]
[EventRounds "9"]
[EventCountry "GER"]
[SourceTitle "EXT 2017"]
[Source "ChessBase"]
[SourceDate "2016.10.25"]
[SourceVersion "1"]
[SourceVersionDate "2016.10.25"]
[SourceQuality "1"]

1. e4 e5 2. Nf3 Nc6 3. Nc3 Nf6 4. Bb5 Bc5 5. Nxe5 Nxe5 6. d4 Bd6 7. f4 Neg4 8. e5 0-0 9. Be2 Nh6 10. exd6 Nf5 11. dxc7 Qxc7 12. 0-0 Qb6 13. Kh1 d6 14. d5 Bd7 15. Bd3 Rfe8 16. Rb1 Qc5 17. Qf3 Ne3 18. Bxe3 Rxe3 19. Qf2 Rae8 20. Qh4 h6 21. Rbe1 Qb6 22. Rxe3 Rxe3 23. Nd1 Re8 24. c4 Qd4 25. Qg3 Bg4 26. Nf2 Re3 27. Qh4 Bd7 28. Rd1 Qxb2 29. h3 Qb6 30. Kh2 Kf8 31. Rd2 Re7 32. Rd1 Qa5 33. Rb1 b6 34. Qg3 Qxa2 35. Ng4 Nxg4+ 36. hxg4 Qd2 37. Rf1 Qe3 38. Rf3 Qd4 39. g5 hxg5 40. Qxg5 Qf6 41. Qh5 Qh6 42. Qxh6 gxh6 43. Bf1 Bg4 44. Ra3 Ke8 45. Kg3 h5 46. Ra1 Kd8 47. Kf2 a5 48. Bd3 Kc7 49. g3 Re8 50. Bf1 Ra8 51. Ke3 Rh8 52. Kf2 Bd7 53. Be2 h4 54. gxh4 Rxh4 55. Kg3 Rh8 56. Bf3 a4 57. Ra3 Kb7 58. Ra1 Ka6 59. Kf2 Ka5 60. Be2 Rh2+ 61. Ke3 Kb4 62. Rb1+ Kc5 63. Ra1 Rh3+ 64. Kd2 a3 65. Ra2 Kd4 66. Ra1 Bf5 67. Bf1 Rh2+ 68. Ke1 a2 0-1